| 000 | 00462nam a22001697a 4500 | ||
|---|---|---|---|
| 005 | 20180719103922.0 | ||
| 008 | 160512b xxu||||| |||| 00| 0 eng d | ||
| 020 | _a81-203-2149-9 | ||
| 041 | _aeng | ||
| 082 |
_b1605 _a658.1599 |
||
| 100 |
_aClick Raid. W. and coval, Joshua D. _94559 |
||
| 245 | _aThe Theory and Practice of International Financial Management | ||
| 260 |
_aNew Delhi _bPHI, _c2002 |
||
| 300 | _a438P, | ||
| 650 |
_aManagement _9241 |
||
| 942 | _cBK | ||
| 999 |
_c636 _d636 |
||